LEADER 03214nam 2200625 a 450 001 9910779244803321 005 20230124183716.0 010 $a0-300-16647-8 024 7 $a10.12987/9780300166477 035 $a(CKB)2550000000105025 035 $a(StDuBDS)AH24393374 035 $a(SSID)ssj0000704014 035 $a(PQKBManifestationID)11397182 035 $a(PQKBTitleCode)TC0000704014 035 $a(PQKBWorkID)10691964 035 $a(PQKB)11638414 035 $a(MiAaPQ)EBC3420977 035 $a(DE-B1597)486072 035 $a(OCoLC)808346523 035 $a(DE-B1597)9780300166477 035 $a(Au-PeEL)EBL3420977 035 $a(CaPaEBR)ebr10579376 035 $a(EXLCZ)992550000000105025 100 $a20091020d2010 uy 0 101 0 $aeng 135 $aur||||||||||| 181 $ctxt 182 $cc 183 $acr 200 10$aAbsence of mind$b[electronic resource] $ethe dispelling of inwardness from the modern myth of the self /$fMarilynne Robinson 210 $aNew Haven $cYale University Press$dc2010 215 $a1 online resource (160 p.) 225 1 $aThe Terry lectures 300 $aEssays from the lectures delivered at Yale University, the Dwight Harrington Terry Foundation. 311 $a0-300-14518-7 320 $aIncludes bibliographical references and index. 327 $aIntroduction -- On human nature -- The strange history of altruism -- The Freudian self -- Thinking again. 330 $aIn this ambitious book, acclaimed writer Marilynne Robinson applies her astute intellect to some of the most vexing topics in the history of human thought-science, religion, and consciousness. Crafted with the same care and insight as her award-winning novels, Absence of Mind challenges postmodern atheists who crusade against religion under the banner of science. In Robinson's view, scientific reasoning does not denote a sense of logical infallibility, as thinkers like Richard Dawkins might suggest. Instead, in its purest form, science represents a search for answers. It engages the problem of knowledge, an aspect of the mystery of consciousness, rather than providing a simple and final model of reality.By defending the importance of individual reflection, Robinson celebrates the power and variety of human consciousness in the tradition of William James. She explores the nature of subjectivity and considers the culture in which Sigmund Freud was situated and its influence on his model of self and civilization. Through keen interpretations of language, emotion, science, and poetry, Absence of Mind restores human consciousness to its central place in the religion-science debate. 410 0$aTerry lectures. 606 $aReligion and science 606 $aPhilosophy, Modern 606 $aThought and thinking 615 0$aReligion and science. 615 0$aPhilosophy, Modern. 615 0$aThought and thinking. 676 $a201/.65 700 $aRobinson$b Marilynne$0566687 712 02$aDwight Harrington Terry Foundation. 801 0$bMiAaPQ 801 1$bMiAaPQ 801 2$bMiAaPQ 906 $aBOOK 912 $a9910779244803321 996 $aAbsence of mind$93828176 997 $aUNINA LEADER 03369nam 2200889z- 450 001 9910404083303321 005 20210212 010 $a3-03928-423-1 035 $a(CKB)4100000011302305 035 $a(oapen)https://directory.doabooks.org/handle/20.500.12854/59229 035 $a(oapen)doab59229 035 $a(EXLCZ)994100000011302305 100 $a20202102d2020 |y 0 101 0 $aeng 135 $aurmn|---annan 181 $ctxt$2rdacontent 182 $cc$2rdamedia 183 $acr$2rdacarrier 200 00$aSensors for Ultrasonic NDT in Harsh Environments 210 $cMDPI - Multidisciplinary Digital Publishing Institute$d2020 215 $a1 online resource (120 p.) 311 08$a3-03928-422-3 330 $aIn this Special Issue of Sensors, seven peer-reviewed manuscripts appear on the topic of ultrasonic transducer design and operation in harsh environments: elevated temperature, high gamma and neutron radiation fields, or the presence of aggressive chemicals. Motivations for these research and development projects are strongly focused on nuclear power plant inspections (particularly liquid-sodium cooled reactors), and nondestructive testing of high-temperature piping installations. It is anticipated that extensive use of permanently mounted robust transducers for in-service monitoring of petrochemical plants and power generations stations; quality control in manufacturing plants; and primary and secondary process monitoring in the fabrication of engineering materials will soon be made. 606 $aHistory of engineering and technology$2bicssc 610 $adry coupling 610 $aelevated temperature 610 $aEMAT sensor 610 $aFBR 610 $afield-deployable sensor 610 $agallium phosphate 610 $aguided wave 610 $aguided-wave send-receive 610 $aharsh environment 610 $ahigh temperature 610 $ahigh-temperature monitoring 610 $ahigh-temperature ultrasonic testing 610 $aimaging 610 $ain-service inspection 610 $ainspection 610 $aISI& 610 $aL-waves 610 $aliquid sodium 610 $alithium niobate 610 $aNDE 610 $aNDE (Non Destructive Evaluation) 610 $aNDT 610 $aNDT (Non Destructive Testing) 610 $aneutron irradiation 610 $anon-destructive evaluation 610 $anondestructive testing 610 $anuclear power plants 610 $aPhased Array 610 $apiezocomposites 610 $apiezoelectric 610 $apiezoelectric wafer active sensor 610 $aPMN-PT 610 $apressurized water reactor fuel rods 610 $aR 610 $aradiation 610 $aradiation resistance 610 $areactor 610 $aSFR 610 $asodium 610 $aspray-on transducers 610 $astructural health monitoring 610 $athickness shear 610 $aTUCSS 610 $aultrasonic 610 $aultrasonic transducer 610 $aultrasound 615 7$aHistory of engineering and technology 700 $aSinclair$b Anthony N$4auth$01302113 702 $aMalkin$b Rob$4auth 906 $aBOOK 912 $a9910404083303321 996 $aSensors for Ultrasonic NDT in Harsh Environments$93026129 997 $aUNINA